<?xml version="1.0" encoding="UTF-8"?><?xml-stylesheet type="text/xsl" href="static/style.xsl"?><OAI-PMH xmlns="http://www.openarchives.org/OAI/2.0/" xmlns:xsi="http://www.w3.org/2001/XMLSchema-instance" xsi:schemaLocation="http://www.openarchives.org/OAI/2.0/ http://www.openarchives.org/OAI/2.0/OAI-PMH.xsd"><responseDate>2026-04-17T04:30:42Z</responseDate><request verb="GetRecord" identifier="oai:www.recercat.cat:2445/228117" metadataPrefix="marc">https://recercat.cat/oai/request</request><GetRecord><record><header><identifier>oai:recercat.cat:2445/228117</identifier><datestamp>2026-04-08T14:00:41Z</datestamp><setSpec>com_2072_1057</setSpec><setSpec>col_2072_478916</setSpec><setSpec>col_2072_478917</setSpec></header><metadata><record xmlns="http://www.loc.gov/MARC21/slim" xmlns:dcterms="http://purl.org/dc/terms/" xmlns:xsi="http://www.w3.org/2001/XMLSchema-instance" xmlns:doc="http://www.lyncode.com/xoai" xsi:schemaLocation="http://www.loc.gov/MARC21/slim http://www.loc.gov/standards/marcxml/schema/MARC21slim.xsd">
   <leader>00925njm 22002777a 4500</leader>
   <datafield ind2=" " ind1=" " tag="042">
      <subfield code="a">dc</subfield>
   </datafield>
   <datafield ind2=" " ind1=" " tag="720">
      <subfield code="a">Amador Prous, Concha</subfield>
      <subfield code="e">author</subfield>
   </datafield>
   <datafield ind2=" " ind1=" " tag="720">
      <subfield code="a">Ambrosioni, Juan</subfield>
      <subfield code="e">author</subfield>
   </datafield>
   <datafield ind2=" " ind1=" " tag="720">
      <subfield code="a">Martín Carbonero, Luz</subfield>
      <subfield code="e">author</subfield>
   </datafield>
   <datafield ind2=" " ind1=" " tag="720">
      <subfield code="a">Hidalgo-Tenorio, Carmen</subfield>
      <subfield code="e">author</subfield>
   </datafield>
   <datafield ind2=" " ind1=" " tag="720">
      <subfield code="a">Tiraboschi, Juan Manuel</subfield>
      <subfield code="e">author</subfield>
   </datafield>
   <datafield ind2=" " ind1=" " tag="720">
      <subfield code="a">Moreno, Santiago</subfield>
      <subfield code="e">author</subfield>
   </datafield>
   <datafield ind2=" " ind1=" " tag="260">
      <subfield code="c">2026-03-16T11:39:55Z</subfield>
   </datafield>
   <datafield ind2=" " ind1=" " tag="260">
      <subfield code="c">2026-03-16T11:39:55Z</subfield>
   </datafield>
   <datafield ind2=" " ind1=" " tag="260">
      <subfield code="c">2025-12-29</subfield>
   </datafield>
   <datafield ind2=" " ind1=" " tag="260">
      <subfield code="c">2026-02-25T10:31:40Z</subfield>
   </datafield>
   <datafield ind2=" " ind1=" " tag="520">
      <subfield code="a">Integrase strand inhibitor (INSTI)-based antiretroviral regimens are the preferred choices for treating people with human immunodeficiency virus (PWH). The once-daily single-tablet combination of INSTI bictegravir, co-formulated with emtricitabine and tenofovir alafenamide (BIC/FTC/TAF), has shown effectiveness and good tolerability in randomized clinical trials, both in treatment-na &amp; iuml;ve (TN) and virologically suppressed patients switched to this regimen. Real-world evidence represents clinical practice and may fill data gaps left by piv otal studies. Based on literature search for real-world studies in Spain within five years, and using clinical trial data as a contextual framework, this narrative review synthesizes observational experience with BIC/FTC/TAF, focusing on the interplay between comorbidities, advanced age, and treatment outcomes from underrepre sented subgroups in clinical trials. This fixed-dose combination proved effective and well-tolerated for TN and treatment-experienced PWH, with low virological failure even in difficult-to-treat patients. Low rates of treatment discontinuations due to adverse events or drug-drug interactions aligned with clinical trial findings.</subfield>
   </datafield>
   <datafield tag="653" ind2=" " ind1=" ">
      <subfield code="a">Farmacoepidemiologia</subfield>
   </datafield>
   <datafield tag="653" ind2=" " ind1=" ">
      <subfield code="a">Antiretrovirals</subfield>
   </datafield>
   <datafield tag="653" ind2=" " ind1=" ">
      <subfield code="a">Pharmacoepidemiology</subfield>
   </datafield>
   <datafield tag="653" ind2=" " ind1=" ">
      <subfield code="a">Antiretroviral agents</subfield>
   </datafield>
   <datafield ind2="0" ind1="0" tag="245">
      <subfield code="a">Bictegravir/emtricitabine/tenofovir alafenamide: A review of the real-world experience in Spain within the last five years</subfield>
   </datafield>
</record></metadata></record></GetRecord></OAI-PMH>